Normal view
MARC view
- International Islamic University (Islāmābād, Pakistan).
Entry Corporate Name
001 - CONTROL NUMBER
- control field: 7154
003 - CONTROL NUMBER IDENTIFIER
- control field: NUST
005 - DATE AND TIME OF LATEST TRANSACTION
- control field: 20171211163513.0
008 - FIXED-LENGTH DATA ELEMENTS
- fixed length control field: 171211|| aca||aabn | a|a d
040 ## - CATALOGING SOURCE
- Original cataloging agency: NUST
- Transcribing agency: NUST
110 ## - HEADING--CORPORATE NAME
- Corporate name or jurisdiction name as entry element: International Islamic University (Islāmābād, Pakistan).
- Subordinate unit: Iqbal International Institute for Research & Dialogue.
670 ## - SOURCE DATA FOUND
- Source citation: Work cat.: (NUST)0: Lodhi, Maryam Siddiqa, author. 7153, Madrassa reforms in Pakistan between islamization and enlightened moderation /
